| 000 | 00451nam a22001217a 4500 | ||
|---|---|---|---|
| 999 |
_c18707 _d18707 |
||
| 008 | 210119b xxu||||| |||| 00| 0 eng d | ||
| 050 |
_aGMB0240 _b.B37 2018 c.1 |
||
| 100 | _aBarongo, Moraa Riziki | ||
| 245 |
_aFactors influencing service delivery in parastatals _ba case study of rural electrification authority, Kenya _cMoraa Riziki Barongo |
||
| 260 |
_aKabarak, Nakuru, Kenya _bKabarak University _c2018 |
||
| 300 | _a52 leaves | ||
| 942 |
_2lcc _cTHE |
||